000 00828nam a2200265Ia 4500
003 OSt
005 20251027184327.0
008 210423s2013 xx 000 0 und d
020 _a978-81-316-0537-0
040 _cAL
041 _aEnglish
082 _a351
_bTRIP
100 _aNeelam Trivedi
_9112043
245 _aPerspectives on governance and society
_b: essays in honour of professor O P Dwivedi
260 _aNew Delhi
_bRawat Publications
_c2013
300 _axiv,338
_bPB
365 _b895
_cINR
650 _aLaw
_9112044
650 _aPublic Administration
_9112045
700 _aMau, Tim A
_9242888
700 _aVajpeyi, Dhirendra
_9242889
700 _aDwivedi, srinath Prasad
_9242890
906 _aDwivedi ; essays ; governance ; honour ; O ; P ; Perspectives ; professor ; society:
942 _2ddc
_cBK
999 _c165377
_d165377